Statistics for 10 стран Европы по территории

Click here to take the quiz!

General Stats

  • This quiz has been taken 10 644 times
  • The average score is 8 of 10

Answer Stats

Площадь (км²)Страна% Correct
3 783 533 (17 125 191)Россия
97%
547 030 (674 685)Франция
96%
357 021Германия
96%
603 549Украина
95%
498 508Испания
91%
312 685Польша
88%
449 964Швеция
83%
385 186Норвегия
80%
337 030Финляндия
80%
381 567 (2 724 902)Казахстан
33%

Score Distribution

Percentile by Number Answered

Percent of People with Each Score

Your Score History

You have not taken this quiz